Medziročný vývoj ekonomických výsledkov hospodárenia potravinárskeho priemyslu SR

Posúdenie finančno-ekonomickej situácie ako podnikov potravinárskeho priemyslu, tak aj jeho jednotlivých výrobných odborov, odborov zmiešaného charakteru, vrátane výroby nápojov. Prispôsobovanie sa štandardom EÚ - posilnenie investičnej aktivity - zvýšenie obstaraných investícií. Pokles hospodárskeh...

Descrizione completa

Salvato in:
Dettagli Bibliografici
Autore principale: Belešová, Svetlana
Natura: Capitolo di libro
Lingua:slovacco
Soggetti:
Tags: Aggiungi Tag
Nessun Tag, puoi essere il primo ad aggiungerne!!

MARC

LEADER 00000naa$a2200000$$$4500
001 0020466
005 20231018084631.4
041 0 |a slo 
044 |a SK 
245 1 0 |a Medziročný vývoj ekonomických výsledkov hospodárenia potravinárskeho priemyslu SR  |c Svetlana Belešová 
520 |a Posúdenie finančno-ekonomickej situácie ako podnikov potravinárskeho priemyslu, tak aj jeho jednotlivých výrobných odborov, odborov zmiešaného charakteru, vrátane výroby nápojov. Prispôsobovanie sa štandardom EÚ - posilnenie investičnej aktivity - zvýšenie obstaraných investícií. Pokles hospodárskeho výsledku v dôsledku rýchlejšieho poklesu výnosov ako nákladov, pri medziročnom zvýšení nakladovosti výnosov a zároveň poklese výroby. Z celkového počtu prevažovali ziskové podniky, ale medziročne sa zvýšil podiel stratových na úkor ziskových podnikov. 
610 2 0 |a potravinárstvo 
610 2 0 |a výsledok hospodársky 
610 2 0 |a náklady 
610 2 0 |a výnosy 
610 2 0 |a výroba 
610 2 0 |a investície 
610 2 0 |a hodnota pridaná ekonomická 
610 2 0 |a majetok 
610 2 0 |a produktivita práce 
610 2 0 |a 2003 
100 1 |a Belešová, Svetlana